000 00534nam a2200217Ia 4500
003 OSt
005 20220928135648.0
006 a|||||r|||| 00| 0
007 ta
008 220927b |||||||| |||| 00| 0 eng d
024 _a4418
037 _cTextual
040 _aSDCL
_cSDCL
_beng
041 _2eng
_aeng
082 _aO-,1N30,3, K3
100 _aHughes Ted
_9492512
245 0 _aEarth-owl and other mon-people
260 _c1963
942 _hO-,1N30,3, K3
_cTEXL
_2CC
999 _c808115
_d808115